00552 2200193 4500001002100000005001500021035002000036007000300056008004100059082001000100084001700110100001800127245007400145260006100219300003800280650000900318650001800327650001300345INLIS00000000000149720250922105508 a0010-0925000011ta250922 g 0 ind  a636.5 a636.5 EKA b0 aEkalinda, Oni1 aBudidaya Ayam KUB (Ayam Kampung Unggul Balitbangtan) /cEkalinda, Oni aRiau :bBalai Pengkajian Teknologi Pertanian Riau,c2019 a16 hlm, :bilus, ;c15 cm x 21 cm 4aBuku 4aBudidaya Ayam 4aAyam KUB